00353nam a2200121Ia 4500003000400000008004100004020002600045040000800071100002000079245008800099260003400187300001000221LDD181101s9999 xx 000 0 und d a9789382775157c223.00 cLDD aZakir, Mohammed 0aPoems from urdubin translation with transcription and the originalcMohammed Zakir aDelhibDilli Kitab Gharc2015 a428p.